Geografía 1; geografía general, asia y áfrica /
Guardado en:
| Autor Principal: | |
|---|---|
| Formato: | Libro |
| Publicado: |
Argentina :
A-z,
1989
|
| Series: | Serie Plata1
|
| Etiquetas: |
Agregar Etiqueta
Sin Etiquetas, Sea el primero en etiquetar este registro!
|
| LEADER | 01100nam a22002655a 4500 | ||
|---|---|---|---|
| 001 | CEM.cems003908 | ||
| 005 | 19000101000000.0 | ||
| 008 | 130507s1989##################000#0#####d | ||
| 003 | CEMS | ||
| 082 | 0 | 4 | |a 910 |
| 100 | 1 | |a Lorenzini, Horacio N. | |
| 245 | 1 | 0 | |a Geografía 1; geografía general, asia y áfrica / |
| 260 | |a Argentina : |b A-z, |c 1989 | ||
| 300 | |a 261 p. | ||
| 490 | 0 | |a Serie Plata1 | |
| 859 | |a CEMS |b BIB. CEMS - 11 de abril |h 910 |i L887 |p 15552.89 |t Ej.1 | ||
| 859 | |a CEMS |b BIB. CEMS - 11 de abril |h 910 |i L887 |p 15858.90 |t Ej.2 | ||
| 859 | |a CEMS |b BIB. CEMS - 11 de abril |h 910 |i L887 |p 15859.90 |t Ej.3 | ||
| 859 | |a CEMS |b BIB. CEMS - 11 de abril |h 910 |i L887 |p 15860.90 |t Ej.4 | ||
| 859 | |a CEMS |b BIB. CEMS - 11 de abril |h 910 |i L887 |p 15861.90 |t Ej.5 | ||
| 859 | |a CEMS |b BIB. CEMS - 11 de abril |h 910 |i L887 |p 15862.90 |t Ej.6 | ||
| 859 | |a CEMS |b BIB. CEMS - 11 de abril |h 910 |i L887 |p 16724.92 |t Ej.7 | ||
| 859 | |a CEMS |b BIB. CEMS - 11 de abril |h 910 |i L887 |p 17916.94 |t Ej.8 | ||
| 859 | |a CEMS |b BIB. CEMS - 11 de abril |h 910 |i L887 |p 17917.94 |t Ej.9 | ||
| 859 | |a CEMS |b BIB. CEMS - 11 de abril |h 910 |i L887 |p 17918.94 |t Ej.10 | ||
